000 00367nam a2200133Ia 4500
008 100328s9999 xx 000 0 und d
082 _b38667
100 _aकाशिकर एस.एम.
245 _aएकच प्रहार
260 _bपुजा
630 _aएकच प्रहार
730 _aएकच प्रहार
942 _cBOOK
999 _c527817
_d527814